000 01075nam a22002177a 4500
001 4059
003 FISKH
005 20240905104917.0
008 240604b cb ||||| |||| 00| 0 eng d
020 _a9781607101154
040 _aFISKH
_beng
_cFISKH
_dFISKH
050 _aPZ7
082 _a500
100 _aGraham, Nick
245 _aBodyworks /
_cWritten by Dr. Nick Graham & Richard Walker
300 _a51 pages :
_bcolor illustrations ;
_c25 cm
520 _aEach book in the Interactive Explorer series tackles a popular subject-the human body, oceans and rain forests, the animal kingdom, or weather and space-with a hands-on twist. With pulltabs that bring movement to the pages, flaps that reveal interesting facts, wheels that turn, die-cut windows that showcase incredible ideas, and acetate pages with dual layers, young readers will be fully engaged.From bones to blood, skin to saliva, kids can learn how every part of the body plays a role in keeping things running smoothly!
700 _aWalker, Richard
_eAuthor
942 _2ddc
_cBK
_n0
999 _c4059
_d4059